<?xml version="1.0" encoding="UTF-8"?>
<collection xmlns="http://www.loc.gov/MARC21/slim">
 <record>
  <leader>01192cam a2200241 a 4500</leader>
  <controlfield tag="001">1/42937</controlfield>
  <controlfield tag="008">120913s2004    gr b     b    001 0 gre  </controlfield>
  <datafield tag="020" ind1=" " ind2=" ">
   <subfield code="a">9600217297</subfield>
  </datafield>
  <datafield tag="035" ind1=" " ind2=" ">
   <subfield code="l">45814</subfield>
  </datafield>
  <datafield tag="040" ind1=" " ind2=" ">
   <subfield code="a">DLC</subfield>
   <subfield code="c">DLC</subfield>
   <subfield code="d">GR-PeUP</subfield>
  </datafield>
  <datafield tag="082" ind1="0" ind2="0">
   <subfield code="a">320.1΄2 SPY ΜΤΦ</subfield>
  </datafield>
  <datafield tag="100" ind1="1" ind2=" ">
   <subfield code="a">Spykman, Nicholas J.</subfield>
   <subfield code="q">(Nicholas John),</subfield>
   <subfield code="d">1893-1943.</subfield>
  </datafield>
  <datafield tag="245" ind1="1" ind2="2">
   <subfield code="a">Η γεωγραφία της ειρήνης /</subfield>
   <subfield code="c">Nicholas John Spykman ;μετάφραση και σχολιασμός Παναγιώτης Ι. Κελάνδριας.</subfield>
  </datafield>
  <datafield tag="260" ind1=" " ind2=" ">
   <subfield code="a">Αθήνα :</subfield>
   <subfield code="b">Παπαζήσης,</subfield>
   <subfield code="c">2004.</subfield>
  </datafield>
  <datafield tag="300" ind1=" " ind2=" ">
   <subfield code="a">224 σ. :</subfield>
   <subfield code="b">χαρτ. ;</subfield>
   <subfield code="c">22 εκ.</subfield>
  </datafield>
  <datafield tag="490" ind1="1" ind2=" ">
   <subfield code="a">Βιβλιοθήκη Εργαστηρίου Γεωπολιτισμικών Αναλύσεων ;</subfield>
  </datafield>
  <datafield tag="650" ind1=" " ind2="4">
   <subfield code="a">Geopolitics.</subfield>
  </datafield>
  <datafield tag="650" ind1=" " ind2="4">
   <subfield code="a">World War, 1939-1945</subfield>
   <subfield code="x">Peace.</subfield>
  </datafield>
  <datafield tag="650" ind1=" " ind2="4">
   <subfield code="a">Γεωπολιτική.</subfield>
  </datafield>
  <datafield tag="650" ind1=" " ind2="4">
   <subfield code="a">Παγκόσμιος πόλεμος</subfield>
   <subfield code="y">1939-1945</subfield>
   <subfield code="x">Ειρήνη.</subfield>
  </datafield>
  <datafield tag="700" ind1="1" ind2=" ">
   <subfield code="a">Κελάνδριας, Παναγιώτης Ι.</subfield>
  </datafield>
  <datafield tag="830" ind1=" " ind2="2">
   <subfield code="a">Βιβλιοθήκη εργαστηρίου γεωπολιτισμικών αναλύσεων.</subfield>
  </datafield>
  <datafield tag="852" ind1=" " ind2=" ">
   <subfield code="a">INST</subfield>
   <subfield code="b">UNIPILB</subfield>
   <subfield code="c">MAIN</subfield>
   <subfield code="e">20120913</subfield>
   <subfield code="h">320.1΄2 SPY ΜΤΦ</subfield>
   <subfield code="p">00165585</subfield>
   <subfield code="q">00165585</subfield>
   <subfield code="t">LOAN</subfield>
   <subfield code="y">0</subfield>
   <subfield code="4">1</subfield>
  </datafield>
 </record>
</collection>
